100 людей, изменивших Италию - Statistics

General Stats
  • This quiz has been taken 25 times
  • The average score is 21 of 100
Answer Stats
Подсказка Ответ % Correct
Создатель картины «Мона Лиза». Леонардо да Винчи
94%
Основатель фашистского режима в Италии. Бенито Муссолини
75%
Открыл четыре крупнейших спутника Юпитера. Галилео Галилей
63%
Создатель скульптуры «Давид». Микеланджело
63%
Мореплаватель, открывший для европейцев Новый Свет. Христофор Колумб
63%
Создатель картины «Сикстинская мадонна». Рафаэль Санти
56%
Военачальник и национальный герой Италии. Джузеппе Гарибальди
56%
Певец, известный песней «Confessa». Адриано Челентано
56%
Мастер по изготовлению смычковых инструментов. Антонио Страдивари
56%
Автор поэмы «Божественная комедия». Данте Алигьери
50%
Автор опер «Аида» и «Риголетто». Джузеппе Верди
50%
Режиссёр фильмов «Восемь с половиной» и «Сладкая жизнь». Федерико Феллини
44%
Виртуоз, изменивший технику игры на скрипке. Никколо Паганини
44%
Автор цикла концертов «Времена года». Антонио Вивальди
44%
Рекордсмен по числу матчей за сборную Италии по футболу. Джанлуиджи Буффон
44%
Мореплаватель, в честь которого названы два материка. Америго Веспуччи
44%
Бывший капитан футбольного клуба «Милан», за который играл всю карьеру. Паоло Мальдини
38%
Самый долго служивший послевоенный премьер-министр Италии. Сильвио Берлускони
38%
Бывший капитан футбольного клуба «Рома», за который играл всю карьеру. Франческо Тотти
38%
Модельер, убитый на пороге своего особняка в США. Джанни Версаче
38%
Автор труда «Государь». Никколо Макиавелли
31%
Создатель картины «Рождение Венеры». Сандро Боттичелли
31%
Автор опер «Тоска» и «Турандот». Джакомо Пуччини
31%
Певец, известный песней «Nessun dorma». Лучано Паваротти
31%
Единственный главный тренер, выигрывавший Лигу чемпионов УЕФА пять раз. Карло Анчелотти
31%
Режиссёр фильмов «Последнее танго в Париже» и «Последний император». Бернардо Бертолуччи
31%
Известна ролями в фильмах «Брак по-итальянски» и «Необычный день». Софи Лорен
31%
Автор романа «Имя розы». Умберто Эко
31%
Скульптор эпохи Возрождения флорентийской школы. Донателло
31%
Лучший бомбардир «Ювентуса» за всю историю. Алессандро Дель Пьеро
31%
Священник, отстаивавший бесконечность Вселенной и сожжённый на костре. Джордано Бруно
31%
Его именем назван стадион в Милане, который также известен как «Сан-Сиро». Джузеппе Меацца
31%
Государственный деятель, банкир и покровитель художников Ренессанса. Козимо Старый Медичи
31%
Автор «Книги о разнообразии мира». Марко Поло
25%
Композитор, написавший музыку к фильму «Хороший, плохой, злой». Эннио Морриконе
25%
Создатель картины «Венера Урбинская». Тициан
25%
Известен ролями в фильмах «Восемь с половиной» и «Сладкая жизнь». Марчелло Мастроянни
25%
Девятикратный чемпион мира по шоссейно-кольцевым мотогонкам. Валентино Росси
25%
Единственный итальянский футболист, забивавший на трёх ЧМ. Роберто Баджо
25%
Изобретатель, отправивший первые радиосигналы через Атлантику. Гульельмо Маркони
25%
Известен ролями в фильмах «Полицейские и воры» и «Прохвосты». Тото
25%
Модельер, популяризировавший классические и строгие силуэты. Джорджо Армани
25%
Является четырёхкратным обладателем титула лучшего защитника Серии А. Алессандро Неста
25%
Спортивный журналист и инсайдер футбола. Фабрицио Романо
25%
Певец, известный песней «L’italiano». Тото Кутуньо
19%
Самый возрастной игрок, выигрывавший чемпионат мира по футболу. Дино Дзофф
19%
Лидер рок-группы «Måneskin». Дамиано Давид
19%
Один из выдающихся футбольных судей 1990-х и 2000-х годов. Пьерлуиджи Коллина
19%
Третья жена президента Франции Николя Саркози. Карла Бруни
19%
Автор опер «Золушка» и «Севильский цирюльник». Джоаккино Россини
13%
Режиссёр фильмов «Однажды в Америке» и «Хороший, плохой, злой». Серджо Леоне
13%
Теолог, развивший идеи Аристотеля в христианском контексте. Фома Аквинский
13%
Певец, известный песней «Con te partirò». Андреа Бочелли
13%
Автор опер «Норма» и «Пуритане». Винченцо Беллини
13%
Режиссёр фильмов «Жизнь прекрасна» и «Тигр и снег». Роберто Бениньи
13%
Создатель картины «Лежащая обнажённая». Амедео Модильяни
13%
Первый футбольный тренер, выигравший чемпионат мира и Лигу чемпионов. Марчелло Липпи
13%
Режиссёр фильмов «Леопард» и «Рокко и его братья». Лукино Висконти
13%
Премьер-министр Италии, погибший в результате похищения. Альдо Моро
13%
Известна ролями в фильмах «Укрощение строптивого» и «Флэш Гордон». Орнелла Мути
13%
Режиссёр фильмов «Брак по-итальянски» и «Похитители велосипедов». Витторио Де Сика
13%
Абсолютный рекордсмен по числу завоёванных Кубков Италии по футболу. Роберто Манчини
13%
Известна ролями в фильмах «Дракула» и «Малена». Моника Беллуччи
13%
Самый долгоправящий президент в истории Италии. Серджо Маттарелла
13%
Известна ролями в фильмах «Земля мёртвых» и «Три икса». Азия Ардженто
13%
Создал первый в мире ядерный реактор. Энрико Ферми
6%
Создатель картины «Призвание апостола Матфея». Караваджо
6%
Известна ролями в фильмах «Рим, открытый город» и «Татуированная роза». Анна Маньяни
6%
Певец, известный песней «Più bella cosa». Эрос Рамаццотти
6%
Фигура, известная тактикой «Сакки-бол». Арриго Сакки
6%
Забил самое большое количество автоголов в истории футбола. Франко Барези
6%
Известна ролями в фильмах «Фанфан-тюльпан» и «Хлеб, любовь и фантазия». Джина Лоллобриджида
6%
Создатель первой электрической батареи. Алессандро Вольта
6%
Лучший бомбардир сборной Италии по футболу. Луиджи Рива
6%
Попытался создать в Италии своё государство под эгидой Святого Престола. Чезаре Борджиа
6%
Первый футбольный тренер, выигравший «скудетто» с тремя разными клубами. Антонио Конте
6%
Футбольный агент, известный крупными трансферами. Мино Райола
6%
Первый исполнитель, чьи пластинки расходились миллионными тиражами. Энрико Карузо
0%
Автор опер «Вечерня Блаженной Девы» и «Орфей». Клаудио Монтеверди
0%
Магистрат, известный борец с Коза Нострой. Джованни Фальконе
0%
Живописец, известный фресками в Ассизи. Джотто ди Бондоне
0%
Известна ролями в фильмах «Розовая пантера» и «Фицкарральдо». Клаудия Кардинале
0%
Композитор, написавший музыку к фильму «1+1». Людовико Эйнауди
0%
Один из трёх футбольных тренеров, выигравших все клубные турниры Европы. Джованни Трапаттони
0%
Известна ролями в фильмах «Конклав» и «Синий бархат». Изабелла Росселлини
0%
Архитектор штаб-квартиры «Нью-Йорк Таймс». Ренцо Пиано
0%
Певец, известный песней «Diamante». Дзуккеро
0%
Известен ролями в фильмах «Все по домам» и «Маменькины сынки». Альберто Сорди
0%
Босс одной из «Пяти семей» итало-американской мафии Нью-Йорка. Карло Гамбино
0%
Певица, известная песней «Grande, grande, grande». Мина
0%
Певец, известный песней «A te». Джованотти
0%
Первый чемпион мира в Формуле-1. Джузеппе Фарина
0%
Первый официальный босс современной криминальной семьи Дженовезе. Лаки Лучано
0%
Гангстер, известный как «Премьер-министр преступного мира». Фрэнк Костелло
0%
Известен ролями в фильмах «Запах женщины» и «Обгон». Витторио Гассман
0%
Известен ролями в фильмах «Меня зовут Никто» и «Меня зовут Троица». Теренс Хилл
0%
Певец, известный песней «Ti amo». Умберто Тоцци
0%
Известна ролями в фильмах «Ночь» и «Приключение». Моника Витти
0%
Рэпер, известный песней «Tranne te». Фабри Фибра
0%
Певица, известная песней «La solitudine». Лаура Паузини
0%
No matching quizzes found
Score Distribution
Percent of People with Each Score
Percentile by Number Answered
Your Score History
You have not taken this quiz